00530nam a2200193Ia 4500003000900000008004100009040001300050040001300063041000800076100002300084100000800107245014400115250000900259260003300268260000900301300001000310300001000320490000600330IT-RoPAU120407s9999 xx 000 0 und d aIT-RoPAU cIT-RoPAU aita aM. Regina Cesarato csr. aIl carisma contemplativo-apostolico delle Pie Discepole del Divin Maestro. Relazione del 10 aprile 1987 - IV Capitolo generale Ariccia 1987 aRoma aCasa Generalizia PDDM - CSCM c1987 a73 p. c30 cm v1